000 00475nam a22001817a 4500
003 MPLRDC
005 20220104144401.0
008 210129b ||||| |||| 00| 0 eng d
020 _a7-80037-103-4
082 _a120.6 TYJ
100 _a汤一介
245 _a中国传统文化中的儒道释
_c
260 _a
_b中国和平出版社
_c1988
300 _b
490 _a中国文化书院文库, 论著类
650 _a中国哲学总论
942 _cBK
_o120.6 TYJ
999 _c49082
_d49072